| 000 | 00469nam a2200169Ia 4500 | ||
|---|---|---|---|
| 003 | GCL | ||
| 008 | 140319s9999 xx 000 0 ara d | ||
| 040 |
_aGCL / _cGCL |
||
| 082 | 0 | 4 |
_aد _b050 _bس ح |
| 100 | 1 | _aسلامة موسى | |
| 245 | 1 | 0 |
_aحوليات سلامة موسى (الكتاب الاول 1994) / _cسلامة موسى |
| 300 | _a83 ص | ||
| 650 | 0 | 4 | _aالصحافة |
| 650 | 0 | 4 | _aالدوريات |
| 650 | 0 | 4 | _aسلامة موسى |
| 942 |
_2ddc _cCF |
||
| 999 |
_c27432 _d27432 |
||